Statistics for Trivia Hub

Click here to take the quiz!

General Stats

  • This quiz has been taken 36 times
  • The average score is 10 of 20

Answer Stats

? IDHintAnswer% Correct
6910 factorial divided by 9 factorial10
100%
59Number of centimeters in a meter100
100%
9Number of small cubes in a Rubik's Cube27
100%
9817 squared289
100%
377 cubed343
100%
46Number of cards in a standard deck52
100%
157How much does Baltic Avenue cost in Monopoly? (US)$60
100%
54Maroon 5's lead singerAdam Levine
100%
106Opposite of orangeBlue
100%
51Third shark in "Baby Shark" songDaddy
100%
105Opposite of redGreen
100%
21Hansel's sisterGretel
100%
68Montana. Wyoming, and _____ share Yellowstone National ParkIdaho
100%
134Only country bordered by both Papua New Guinea and MalaysiaIndonesia
100%
45Antagonist in the movie "Aladdin"Jafar
100%
184th Largest US StateMontana
100%
115What does the acronym "NVM" mean?Nevermind/Never mind
100%
14819th letter of the alphabetS
100%
15Most specific classification in taxonomySpecies
100%
88The most common word in EnglishThe
100%
11Actor of Peter Parker in Spider-Man: No Way HomeTom Holland
100%
19Largest car company in the worldToyota
100%
73Faun in Narnia: The Lion, the Witch, and the WardrobeTumnus
100%
55Most popular car color in AmericaWhite
100%
124Number of electoral votes of all states combined538
50%
154Shrek's wifeFiona
50%
151Largest city in Turkey (by population)Istanbul
50%
1584th digit of Pi (excluding the decimal point)1
0%
75Number of zeroes in a googol100
0%
100Number of milliliters in a liter1000/1,000
0%
33Number of countries with 4 letters (excluding Niue)10/ten
0%
147Greatest common factor of 88 and 2411
0%
7Year that Genghis Khan was born1162
0%
84Least common multiple of 30 and 40120
0%
1282 to the 7th power128
0%
144Least common multiple of 18 and 16144
0%
119Melting point of iron (in Celsius)1,538/1538
0%
156How much is earned by passing "GO" on a Monopoly board?$200
0%
36Year that Jimmy Butler was drafted2011
0%
145Least common multiple of 20 and 55220
0%
48Product of first five prime numbers2310
0%
122Number of electoral votes Biden received in 2020306
0%
160First 10 digits of Pi (the last one is 3)3.141592653
0%
76Number of counties in the US (May 2022)3,143
0%
47Number of seconds in a year (365 days)31,536,000
0%
146Greatest common factor of 36 and 204
0%
155Number of spaces on a Monopoly board40
0%
70Number of points needed to be level 23 in Jetpunk400
0%
79Number of contestants in "Squid Game"456
0%
106 factorial720
0%
3The 1000th prime number7919
0%
137Number of classifications in taxonomy8/eight
0%
49Distance of Earth from Sun (miles)93,000,000/94,000,000
0%
6The largest country in AfricaAlgeria
0%
85"Yellow" in SpanishAmarillo
0%
67Name of Sofia the First’s sisterAmber
0%
15917th President of the United StatesAndrew Johnson
0%
152Most populated city in ThailandBangkok
0%
72Country that shares the longest border with IndiaBangladesh
0%
108Birthplace of JesusBethlehem
0%
142Batman's real nameBruce Wayne
0%
22Argentina's largest cityBuenos Aires
0%
3530th US presidentCalvin Coolidge
0%
78Capital of VenezuelaCaracas
0%
62The smallest dwarf planet in the solar systemCeres
0%
150Last pharaoh of EgyptCleopatra VII
0%
573rd smallest US stateConnecticut
0%
58Birth country of Jonathan KumingaDemocratic Republic of the Congo
0%
20Winner of 1999 Super BowlDenver Broncos
0%
143Wonder Woman's real nameDiana Prince
0%
14Broadest classification in taxonomyDomain
0%
61The two rivers of Mesopotamia: Tigris and _______Euphrates
0%
97"Happy" in SpanishFeliz
0%
112Author of "Hatchet"Gary Paulsen
0%
4The antagonist in Beauty and the BeastGaston
0%
13Catboy, Owlette, and _____ make up the PJ MasksGekko
0%
89Material Cinderella's shoe was made ofGlass
0%
110Philistine giant defeated by the shepherd DavidGoliath
0%
34Largest lake in UtahGreat Salt Lake
0%
116Name of the "Wimpy Kid"Greg
0%
129House of Hermione Granger in HogwartsGryffindor
0%
40Name of King Arthur's wifeGuinevere
0%
41Giant who told Harry Potter he was a wizardHagrid
0%
71Singer of “As it Was”Harry Styles
0%
87"Tall" in FrenchHaut
0%
114In the acronym ROYGBIV, the I represents what?Indigo
0%
17Opposite of a conductor (physics-wise)Insulator
0%
118Utah, Ohio, and ___ are tied for the shortest US state nameIowa
0%
109Capital of both Israel and PalestineJerusalem
0%
113Author of the Harry Potter seriesJ.K. Rowling
0%
141Superman's real nameKal-El
0%
95Largest landlocked countryKazakhstan
0%
8Famous horse race held every MayKentucky Derby
0%
74Name of blue Mutant Ninja TurtleLeonardo
0%
28Person who painted the Mona LisaLeonardo de Vinci
0%
39Country completely surrounded by South AfricaLesotho
0%
92"Love" in GermanLiebe
0%
65Name of leprechaun on Lucky Charms boxLucky
0%
136Youngest child in Narnia: The Lion, the Witch, and the WardrobeLucy
0%
64Capital of ZambiaLusaka
0%
1Largest state in New EnglandMaine
0%
111Narrator in "Freak the Mighty"Max
0%
125Date that this test was createdMay 17, 2022
0%
126Wizard that assisted King ArthurMerlin
0%
16State where Kansas City isMissouri
0%
153Most populated city in SomaliaMogadishu
0%
94Country bordering only Russia and ChinaMongolia
0%
77Capital of RussiaMoscow
0%
135Only country bordered by both Zambia and EswatiniMozambique
0%
96Country name with highest Scrabble scoreMozambique
0%
93"No" in GermanNein
0%
149President of South Africa from May 10,1994 - June 16, 1999Nelson Mandela
0%
99Location of "Survivor: Season 21"Nicaragua
0%
26River that flows through Egypt, Sudan, and South SudanNile
0%
27Name of an 18-sided polygonOctadecagon
0%
130Date that the 26th US President was bornOctober 27, 1858
0%
104Opposite of blueOrange
0%
90In "Turning Red," the main character turns into a....Panda/Red Panda
0%
30Largest country in Oceania after AustraliaPapua New Guinea
0%
139City of Ladybug and Cat NoirParis
0%
60War between Athens and SpartaPeloponnesian
0%
123State that clinched Biden's victory in 2020Pennsylvania
0%
127Empire defeated by Alexander the GreatPersia
0%
120Father of Alexander the GreatPhilip II
0%
66Inventor of TVPhilo Farnsworth
0%
243rd broadest classification in taxonomyPhylum
0%
133Only country bordered by both Germany and RussiaPoland
0%
23Opposite of yellowPurple
0%
52Queen of England (as of May 2022)Queen Elizabeth II
0%
2Hogwarts House of Cho ChangRavenclaw
0%
102Black and ___ are the two colors associated with playing cardsRed
0%
103Opposite of greenRed
0%
38The former name of Zambia and Zimbabwe's unionRhodesia
0%
31Tallest person to ever liveRobert Wadlow
0%
117Name of the Wimpy Kid's older brotherRodrick
0%
91"Pink" in GermanRosa
0%
107Caillou's sisterRosie
0%
83"Red" in FrenchRouge
0%
132Only country bordered by both Norway and North KoreaRussia
0%
80Actor of Nolan Booth in "Red Notice"Ryan Reynolds
0%
321999 NBA championSan Antonio Spurs
0%
82Largest county in all of AmericaSan Bernadino
0%
12Country that Nikola Jokic was bornSerbia
0%
42Partner of LavagirlSharkboy
0%
63Capital of BulgariaSofia
0%
44Country that gained independence in 2011South Sudan
0%
56Name of one-eyed yellow minionStuart
0%
140Most popular superhero ending with "-man"Superman
0%
29Country with over 95% forest areaSuriname
0%
43Singer of "Shake It Off"Taylor Swift
0%
53Missouri and _______ border the most US StatesTennessee
0%
50Inventor of the light bulbThomas Edison
0%
5River that flows through RomeTiber
0%
81Famous ship that sank on April 15, 1912Titanic
0%
86"Turtle" in SpanishTortuga
0%
131Only country bordered by both Canada and MexicoUnited States of America
0%
12114th state admitted into the USAVermont
0%
138US state with the lowest populationWyoming
0%
25Arteries and veins in plants are called phloem and _____Xylem
0%
101Opposite of purpleYellow
0%

Score Distribution

Percentile by Number Answered

Percent of People with Each Score

Your Score History

You have not taken this quiz